Ultimate French Quiz - Statistics

General Stats
  • This quiz has been taken 40 times
    15 since last reset
  • The average score is 152 of 200
Answer Stats
English French % Correct
Numbers one hundred cent
100%
Numbers five cinq
100%
Numbers two deux
100%
Numbers ten dix
100%
Numbers nine neuf
100%
Numbers fourty quarante
100%
Numbers seven sept
100%
Numbers six six
100%
Numbers thirty trente
100%
Numbers three trois
100%
Numbers one un
100%
Food/Drink wine vin
100%
Numbers twenty vingt
100%
Colors white blanc
92%
Animals cat chat
92%
Numbers fifty cinquante
92%
Food/Drink water eau
92%
Numbers eight huit
92%
Numbers one thousand mille
92%
Colors black noir
92%
Colors orange orange
92%
Numbers four quatre
92%
Colors pink rose
92%
Colors red rouge
92%
Numbers sixty soixante
92%
Colors green vert
92%
Common Verbs to go aller
83%
Nationalities English Anglais
83%
Common Verbs to have avoir
83%
Months april avril
83%
Food/Drink butter beurre
83%
Transportation/Travel ticket billet
83%
Colors blue bleu
83%
Adjectives good bon
83%
10 Basic phrases hello bonjour
83%
10 Basic phrases good evening bonsoir
83%
Food/Drink coffee café
83%
Body Parts hair cheveux
83%
Animals dog chien
83%
Body Parts heart cœur
83%
Question Words how comment
83%
Months december décembre
83%
Adjectives difficult difficile
83%
Days of the week sunday dimanche
83%
Subject Pronouns she elle
83%
Subject Pronouns they (fem) elles
83%
Common Verbs to be être
83%
Adjectives easy facile
83%
Family Members daughter fille
83%
Nationalities French Français
83%
Family Members brother frère
83%
Food/Drink cake gateau
83%
Adjectives big grand
83%
Family Members grandmother grandmère
83%
Family Members grandfather grandpère
83%
Colors grey gris
83%
Seasons winter hiver
83%
Subject Pronouns he il
83%
Subject Pronouns they (masc) ils
83%
Subject Pronouns I je
83%
Food/Drink milk lait
83%
Days of the week monday lundi
83%
Months may mai
83%
Days of the week tuesday mardi
83%
Months march mars
83%
Adjectives bad mauvais
83%
10 Basic phrases thank you merci
83%
Family Members mother mère
83%
10 Basic phrases no non
83%
Subject Pronouns we nous
83%
Adjectives new nouveau
83%
Months november novembre
83%
Months october octobre
83%
Question Words where
83%
10 Basic phrases yes oui
83%
Food/Drink bread pain
83%
Common Verbs to speak parler
83%
Family Members father père
83%
Adjectives small petit
83%
Food/Drink chicken poulet
83%
Question Words why pourquoi
83%
Question Words when quand
83%
Question Words who qui
83%
Days of the week saturday samedi
83%
Months september septembre
83%
10 Basic phrases please s'il vous plait
83%
Family Members sister sœur
83%
Numbers seventy soixante-dix
83%
Food/Drink sugar sucre
83%
Subject Pronouns you (informal) tu
83%
Days of the week friday vendredi
83%
Common Verbs to see voir
83%
Subject Pronouns you (formal) vous
83%
Months august août
75%
10 Basic phrases goodbye au revoir
75%
Fruits and Vegetables banana banane
75%
Body Parts mouth bouche
75%
Fruits and Vegetables carrot carotte
75%
Weather hot chaud
75%
Fruits and Vegetables lemon citron
75%
Animals pig cochon
75%
Question Words how many combien
75%
10 Basic phrases how are you? comment ça va?
75%
Household Items kitchen cuisine
75%
10 Basic phrases you're welcome de rien
75%
Common Verbs to say dire
75%
Seasons summer été
75%
10 Basic phrases excuse me excusez-moi
75%
Common Verbs to do faire
75%
Household Items window fenêtre
75%
Months february février
75%
Family Members son fils
75%
Weather cold froid
75%
Food/Drink cheese fromage
75%
Adjectives happy heureux
75%
Around a City hospital hôpital
75%
Nationalities Italian Italien
75%
Body Parts leg jambe
75%
Months january janvier
75%
Colors yellow jaune
75%
Days of the week thursday jeudi
75%
Months june juin
75%
Household Items bed lit
75%
Body Parts hand main
75%
Days of the week wednesday mercredi
75%
Transportation/Travel subway métro
75%
Weather snow neige
75%
Food/Drink egg œuf
75%
Animals bird oiseau
75%
Family Members uncle oncle
75%
Household Items computer ordinateur
75%
Around a City park parc
75%
Body Parts foot pied
75%
Fruits and Vegetables apple pomme
75%
Common Verbs to take prendre
75%
Question Words what quoi
75%
Household Items bathroom salle de bain
75%
Common Verbs to know savoir
75%
Weather sun soleil
75%
Animals mouse souris
75%
Fruits and Vegetables tomato tomate
75%
Adjectives sad triste
75%
Animals cow vache
75%
Common Verbs to come venir
75%
Colors purple violet
75%
Transportation/Travel car voiture
75%
Transportation/Travel plane avion
67%
Transportation/Travel boat bateau
67%
Household Items chair chaise
67%
Household Items bedroom chambre
67%
Animals horse cheval
67%
Transportation/Travel station gare
67%
Months july juillet
67%
Animals rabbit lapin
67%
Around a City store/shop magasin
67%
Colors brown marron
67%
Household Items mirror mirroir
67%
Body Parts nose nez
67%
Weather cloud nuage
67%
Body Parts eye œil
67%
Body Parts ear oreille
67%
Fruits and Vegetables peach pêche
67%
Food/Drink fish poisson
67%
Fruits and Vegetables potato pomme de terre
67%
Around a City bridge pont
67%
Numbers eighty quatre-vingts
67%
Numbers ninety quatre-vingts-dix
67%
Around a City street rue
67%
Nationalities Russian Russe
67%
Weather wind vent
67%
Adjectives old vieux
67%
Common Verbs to want vouloir
67%
Transportation/Travel trip/travel voyage
67%
Body Parts arm bras
58%
Adjectives expensive cher
58%
Nationalities Chinese Chinois
58%
Adjectives tired fatigué
58%
Nationalities Indian Indien
58%
Adjectives smart intelligent
58%
Nationalities Japanese Japonais
58%
Nationalities Mexican Mexicain
58%
Fruits and Vegetables pear poire
58%
Common Verbs can/to be able to pouvoir
58%
Seasons spring printemps
58%
Family Members aunt tante
58%
Household Items carpet tapis
58%
Transportation/Travel bicycle vélo
58%
Seasons fall automne
50%
Nationalities Spanish Espagnol
50%
Household Items cupboard placard
50%
Question Words which quelle
50%
Weather storm tempête
50%
Transportation/Travel suitcase valise
50%
Around a City city center centre-ville
42%
Around a City square/plaza place
42%
Weather rain pluie
42%
Around a City neighborhood quartier
42%
Nationalities German Allemand
33%
Around a City shopping mall centre commercial
33%
Around a City city hall mairie
25%
No matching quizzes found
Score Distribution
Percent of People with Each Score
Percentile by Number Answered
Your Score History
You have not taken this quiz since the last reset